01020cam a2200265 a 450000100100000000500170001000800410002702000150006802000310008304000300011408200200014410000410016424500450020526000350025030000360028549000300032150400550035165000550040660000730046183000390053491000340057304900090060795201230061699900150073900000631920200929153921.0890808s1989 ck a b 001 0 spa c a958904364X a9589043593 (Obra completa) aDO-SdBNPbspacICUdBNPHU aCo860.44bV152E1 aEspinosa, Germánd1938-200791762710aGuillermo Valencia /cGermán Espinosa. aBogotá :bProcultura,c1989. a140 p. :bil. ; retr. ;c20 cm.1 aClásicos colombianosv5 aIncluye referencias bibliográficas (p. 137-140). 4aLiteratura colombianaxHistoria y crítica91762814aVALENCIA, GUILLERMO,d1873-1943xCRÍTICA E INTERPRETACIÓN917629 0aClásicos colombianos ;v5910583 aCatalogación por copia / LC aBNGR 001052708MOaGRbGRcCTd2009-08-27iLF1l0oCo860.44 V152Ep6319-10r2020-06-25w2020-06-25y2ZPréstamo interno c6114d6114